| 000 | 00525pab a2200181 454500 | ||
|---|---|---|---|
| 008 | 180718b2002 xxu||||| |||| 00| 0 eng d | ||
| 100 | _aMurthy, Sita Vanka N. Linga | ||
| 245 | _aGender inequalities in the wages of agricultural labourers - a micro level study | ||
| 260 | _c2002 | ||
| 300 | _ap.333-38. | ||
| 362 | _aAug | ||
| 650 | _aWages - India | ||
| 650 | _aWomen workers - India | ||
| 650 | _aAgricultural workers - India | ||
| 650 | _aAgricultural workers | ||
| 773 | _aAsian Economic Review | ||
| 909 | _a54210 | ||
| 999 |
_c54210 _d54210 |
||